Statistics for Country and Capital Neighbour Connect with Jumps and Disappearing World Map: Closest to Greenwich Meridian

Click here to take the quiz!

General Stats

  • This quiz has been taken 434 times
  • The average score is 228 of 392

Answers on the Map

Answers color-coded by a green-red scale on the quiz's map according to % correct below.
 

Answer Stats

TypeLatLonGreenwich DGreenwich parallel DCountry/Capital% Correct
Capital51.5-0.138.78.7London
100%
Country53.88-2.6170.4170.5United Kingdom
98%
Country40.4-3.4287.7287.7Spain
95%
Capital52.374.88332.7332.9Amsterdam
93%
Country42.51.5123.2123.2Andorra
93%
Capital42.51.52125125Andorra la Vella
93%
Country50.664.82341341.1Belgium
93%
Capital50.854.34306306.2Brussels
93%
Country46.532.71208.2208.2France
93%
Country52.25.81397.2397.5Netherlands
93%
Capital48.852.34172.3172.3Paris
93%
Country47.5914.311070.31075Austria
92%
Capital52.5213.41904.9908.8Berlin
92%
Capital46.947.44566.1566.7Bern
92%
Country51.0810.55737.2739.1Germany
92%
Country42.8712.26998.51001.2Italy
92%
Country47.149.54722.2723.5Liechtenstein
92%
Country49.776.29453.1453.5Luxembourg
92%
Capital49.616.13442.5442.9Luxembourg (cap)
92%
Capital41.8912.511034.61037.4Rome
92%
Country43.9312.46997.11000San Marino
92%
Capital43.9312.44995.5998.3San Marino (cap)
92%
Country46.838.35636637Switzerland
92%
Capital47.149.52720.4721.8Vaduz
92%
Country41.912.451029.61032.4Vatican City
92%
Capital41.912.451029.61032.4Vatican City (cap)
92%
Capital9.057.49823.9823.9Abuja
89%
Capital5.55-0.221.821.8Accra
89%
Country28.142.82277.8277.8Algeria
89%
Capital36.753.04271.6271.6Algiers
89%
Capital12.65-8868.9869Bamako
89%
Country9.612.55280.2280.2Benin
89%
Country12.26-1.54167.4167.4Burkina Faso
89%
Country5.6812.921431.51431.6Cameroon
89%
Country7.61-5.33587.6587.6Cote d'Ivoire
89%
Country1.6310.471165.61165.6Equatorial Guinea
89%
Country-0.6611.991335.11335.1Gabon
89%
Country7.94-1.01111.1111.1Ghana
89%
Capital0.399.451052.31052.3Libreville
89%
Capital6.131.21134.1134.1Lomé
89%
Capital3.758.78975.6975.6Malabo
89%
Country17.32-3.32351.8351.8Mali
89%
Capital13.512.1228.3228.4Niamey
89%
Country17.429.571017.31017.6Niger
89%
Country9.588.28909.2909.3Nigeria
89%
Capital12.36-1.54166.8166.8Ouagadougou
89%
Capital6.492.6287.9287.9Porto-Novo
89%
Country8.551.15127.3127.3Togo
89%
Capital6.82-5.28583.2583.2Yamoussoukro
89%
Capital3.8611.5112791279.1Yaoundé
89%
Capital4.3618.552059.32059.5Bangui
88%
Capital-4.2715.281696.51696.6Brazzaville
88%
Country15.3118.82017.22019.2Chad
88%
Country26.9818.171797.81802.6Libya
88%
Capital12.115.041636.81637.5N'Djamena
88%
Capital32.8713.181230.81233.3Tripoli
88%
Capital36.8110.16905.2906.5Tunis
88%
Country34.099.74897.9898.9Tunisia
88%
Country-12.3617.731927.81928.9Angola
87%
Capital13.45-16.581793.71794.8Banjul
87%
Capital11.86-15.61698.51699.2Bissau
87%
Country-22.2723.952458.12466.4Botswana
87%
Capital9.53-13.681501.21501.5Conakry
87%
Capital14.69-17.451876.81878.2Dakar
87%
Capital53.33-6.25415.7416.1Dublin
87%
Capital8.48-13.231456.41456.6Freetown
87%
Capital-24.6625.926062618.7Gaborone
87%
Country13.45-15.31655.31656.1Gambia
87%
Country10.4-10.661166.61166.7Guinea
87%
Country12.07-14.651593.11593.7Guinea-Bissau
87%
Country53.16-7.97531.4532.3Ireland
87%
Capital-4.3315.311699.71699.8Kinshasa
87%
Country-29.728.432721.92744.7Lesotho
87%
Country6.42-9.071002.41002.4Liberia
87%
Capital-8.8413.231455.51455.7Luanda
87%
Capital40.41-3.71314.1314.2Madrid
87%
Capital-29.3227.482643.42663.5Maseru
87%
Country20.27-10.081051.51052Mauritania
87%
Capital6.3-10.81194.61194.6Monrovia
87%
Country31.82-6.11577.5577.7Morocco
87%
Country-22.1117.411792.51795.6Namibia
87%
Capital-25.7528.182804.82822.6Pretoria
87%
Capital34.01-6.84630.6631Rabat
87%
Country-0.8815.331707.21707.3Republic of the Congo
87%
Country14.45-14.241533.71534.4Senegal
87%
Country8.54-11.511266.91267Sierra Leone
87%
Country-29.0625.212436.32451.4South Africa
87%
Capital-22.5617.0817531756Windhoek
87%
Country64.4226.441237.11265Finland
85%
Capital60.1624.9313511376Helsinki
85%
Country67.4615.77667.4672.8Norway
85%
Capital59.9110.74598.5600.5Oslo
85%
Capital59.3318.061015.51025Stockholm
85%
Country62.7416.85851.7859.1Sweden
85%
Country41.1420.251685.11697Albania
84%
Capital44.820.461601.61614.8Belgrade
84%
Country44.1717.991427.11435.9Bosnia and Herzegovina
84%
Capital48.1417.11262.31270.3Bratislava
84%
Capital47.4919.031419.91430.9Budapest
84%
Country45.1116.6513011308.1Croatia
84%
Country49.7715.541111.31117.3Czech Republic
84%
Country47.219.611469.71481.7Hungary
84%
Capital46.0514.51116.21121Ljubljana
84%
Country43.747.42597.5598.1Monaco
84%
Capital43.737.41596.7597.3Monaco (cap)
84%
Country42.7819.451577.11588Montenegro
84%
Capital55.7537.612241.52332.6Moscow
84%
Capital42.4419.2615711581.5Podgorica
84%
Country52.1319.641328.11340.7Poland
84%
Capital50.0814.421025.51030.4Prague
84%
Capital43.8418.351463.61472.9Sarajevo
84%
Country48.7819.751434.81447.3Slovakia
84%
Country46.1215.011153.11158.3Slovenia
84%
Capital41.3219.811644.31655.5Tirana
84%
Capital48.216.371207.51214.5Vienna
84%
Capital52.2221.011415.21430.6Warsaw
84%
Capital45.8115.971233.41239.7Zagreb
84%
Capital39.9132.852740.72792.6Ankara
83%
Capital37.9723.712060.12077.9Athens
83%
Capital33.8835.4932113266.6Beirut
83%
Country42.7925.342041.52066.1Bulgaria
83%
Capital30.0631.242972.33003.6Cairo
83%
Country6.520.62278.12278.6Central African Republic
83%
Capital55.6712.56786.2789.4Copenhagen
83%
Capital33.5136.293295.23354.2Damascus
83%
Country-2.9323.772642.62642.8Democratic Republic of the Congo
83%
Country56.119.96618619.6Denmark
83%
Country26.430.0229662988.7Egypt
83%
Country39.1622.881955.81972.3Greece
83%
Capital-17.8331.0532753288Harare
83%
Country64.91-18.31854863.1Iceland
83%
Capital31.7635.213271.13321Jerusalem
83%
Country42.58211705.71719.4Kosovo
83%
Country33.7935.973256.53314.4Lebanon
83%
Capital38.71-9.14793794Lisbon
83%
Capital-15.4128.283026.83034.2Lusaka
83%
Country41.5721.91806.71822Macedonia
83%
Country35.8314.581312.61316.4Malta
83%
Capital-25.9732.583225.63254.4Maputo
83%
Capital-26.3231.133075.43100.8Mbabane
83%
Country-17.335.733773.93793.6Mozambique
83%
Country39.68-7.77664.9665.5Portugal
83%
Capital42.6721.161716.41730.5Pristina
83%
Capital64.13-21.910451060.9Reykjavík
83%
Country45.9125.171919.91945.2Romania
83%
Capital0.336.72748.8748.8São Tomé
83%
Country0.376.63739739São Tomé and Príncipe
83%
Country44.0420.981663.41677.5Serbia
83%
Capital41.9921.431756.61771Skopje
83%
Capital42.6923.321886.11905Sofia
83%
Country13.7630.213257.93265.3Sudan
83%
Country-26.6631.73120.63148Swaziland
83%
Country39.0135.352978.23042.5Turkey
83%
Capital35.8914.511305.41309.1Valletta
83%
Country-13.527.953019.23024.7Zambia
83%
Country-19.0630.063147.23160.4Zimbabwe
83%
Capital31.9535.943328.33382.1Amman
78%
Country40.345.213652.73800.5Armenia
78%
Country40.2747.823838.34016.4Azerbaijan
78%
Capital33.3444.43985.74100.8Baghdad
78%
Capital40.3749.893972.44178.4Baku
78%
Country53.5428.231821.21859.2Belarus
78%
Capital44.4326.120422069.7Bucharest
78%
Capital4728.852142.82182Chișinău
78%
Country58.6325.981471.21500Estonia
78%
Country42.1843.773438.13575.4Georgia
78%
Country32.9443.983972.14082.1Iraq
78%
Country31.4135.23284.13333.3Israel
78%
Country31.1537.033456.53513.9Jordan
78%
Capital50.4530.522104.42152.3Kiev
78%
Country56.8425.171500.71527.1Latvia
78%
Country55.3424.061495.81519Lithuania
78%
Capital53.927.561765.21800.5Minsk
78%
Country47.228.662120.82159.2Moldova
78%
Capital56.9424.11436.21459.4Riga
78%
Country61.6996.853158.54637.1Russia
78%
Country23.9344.674453.84528.1Saudi Arabia
78%
Country34.9338.6834353511.5Syria
78%
Capital59.4324.751371.81396.5Tallinn
78%
Capital41.6944.833541.43688.7Tbilisi
78%
Capital35.6951.424392.14598.2Tehran
78%
Country49.0631.562236.92289.6Ukraine
78%
Capital54.6825.271594.31621.3Vilnius
78%
Capital40.1844.513610.23750.1Yerevan
78%
Capital24.4654.3653145473.5Abu Dhabi
77%
Country16-242562.72567.3Cape Verde
77%
Country29.1647.764487.14612.8Kuwait
77%
Capital29.3647.974494.74623.7Kuwait City
77%
Capital23.6158.595729.35933.7Muscat
77%
Capital18.08-15.981689.21690.8Nouakchott
77%
Country20.4356.135689.25827.3Oman
77%
Capital24.6846.724612.64704.2Riyadh
77%
Capital15.3544.24704.24737.7Sana'a
77%
Country23.5354.35358.95509United Arab Emirates
77%
Country15.7947.825064.95112.3Yemen
77%
Country35.0333.292976.33023.4Cyprus
76%
Capital35.1633.362977.53025.2Nicosia
76%
Capital14.93-23.522524.52528.3Praia
76%
Country61.06-98.383229.44795Canada
55%
Country23.92-102.317355.410110.7Mexico
55%
Capital19.42-99.137852.810216.3Mexico City
55%
Capital45.41-75.74779.15690.1Ottawa
55%
Country45.62-112.114947.57908United States
55%
Capital38.89-77.045497.46463.2Washington D.C.
55%
Capital9.0238.744250.54258.1Addis Ababa
54%
Capital15.3338.934153.34174.6Asmara
54%
Country17.21-88.538091.19311.3Belize
54%
Capital17.25-88.778089.29333.9Belmopan
54%
Capital-3.3929.363262.63263Bujumbura
54%
Country-3.5230.063339.93340.4Burundi
54%
Country11.742.7746414659Djibouti
54%
Capital-6.1835.7339523954.8Dodoma
54%
Country15.2539.174180.54202Eritrea
54%
Country8.5639.84372.64380.2Ethiopia
54%
Country15.74-90.188260.89569.5Guatemala
54%
Country14.83-86.468316.19231.9Honduras
54%
Capital4.8531.583501.73502.9Juba
54%
Capital0.3132.583626.93626.9Kampala
54%
Country0.42384230.84230.8Kenya
54%
Capital15.5532.533474.43486.2Khartoum
54%
Capital-1.9530.0533443344.1Kigali
54%
Capital-13.9733.783636.53647.5Lilongwe
54%
Country-13.5334.493719.23730.3Malawi
54%
Capital-1.2936.814097.24097.3Nairobi
54%
Country-2.0830.0733453345.2Rwanda
54%
Country83033043306.5South Sudan
54%
Country-6.434.9938683870.8Tanzania
54%
Country1.2132.523619.23619.3Uganda
54%
Capital11.5843.144682.64700.8Djibouti (cap)
53%
Country13.78-88.698470.99519.5El Salvador
53%
Capital14.64-90.528382.79666.4Guatemala City
53%
Capital2.0345.345043.55044.2Mogadishu
53%
Capital13.68-89.198485.39577.4San Salvador
53%
Country6.0446.055090.75097.3Somalia
53%
Capital14.08-87.2184159349.2Tegucigalpa
53%
Country33.7866.1655146013.3Afghanistan
50%
Capital37.9558.384701.45042.2Ashgabat
50%
Capital51.1871.444066.94789.7Astana
50%
Capital42.8774.595011.45878.7Bishkek
50%
Capital38.5368.775217.75845Dushanbe
50%
Country32.5254.484829.25060.1Iran
50%
Country48.1967.564241.94852.9Kazakhstan
50%
Country41.4874.825160.76035.8Kyrgyzstan
50%
Country38.5171.275329.76046.9Tajikistan
50%
Capital41.2669.214976.85634.7Tashkent
50%
Country39.1259.74686.85063.5Turkmenistan
50%
Country41.7663.484667.45151.7Uzbekistan
50%
Capital39.9116.395582.79070.3Beijing
48%
Country36.59103.945950.88744.2China
44%
Capital-11.7143.254692.14710.8Moroni
43%
Country-12.1744.254788.44810.3Comoros
42%
Country46.85103.2648117231.5Mongolia
42%
Capital47.9106.884693.77266.1Ulaanbaatar
42%
Country40.12127.255558.19638.5North Korea
41%
Capital-34.91-56.194786.55063.6Montevideo
40%
Capital39.03125.755679.79749.5Pyongyang
40%
Capital37.56126.975842.610069.8Seoul
40%
Country36.44127.945966.610316.2South Korea
40%
Country-32.87-55.84902.35157Uruguay
40%
Capital-15.78-47.935076.15123.8Brasília
39%
Capital-34.62-58.384957.65274.1Buenos Aires
39%
Country-35.39-64.935303.55783.6Argentina
38%
Capital-25.31-57.6455455755.5Asunción
38%
Country-10.84-52.885738.45773.7Brazil
38%
Capital10.48-66.887205.87305.5Caracas
38%
Country3.88-72.878064.38090Colombia
38%
Capital6.8-58.166402.36424.2Georgetown
38%
Country4.73-58.7164996510.3Guyana
38%
Country-23.21-58.175717.75911.3Paraguay
38%
Capital5.86-55.176093.56106.4Paramaribo
38%
Country-9.19-74.157984.18130.8Peru
38%
Country4.1-55.636168.46175Suriname
38%
Country7.07-65.927230.67274.7Venezuela
38%
Capital4.6-74.098175.38215.8Bogotá
37%
Country-16.73-64.446653.46837.4Bolivia
37%
Country-35.82-70.955736252.4Chile
37%
Country10.01-83.968712.39172.6Costa Rica
37%
Capital-16.49-68.136997.77234.6La Paz
37%
Capital-12.05-77.038054.18354Lima
37%
Capital12.13-86.2685999338.3Managua
37%
Country12.86-84.98474.39162.4Nicaragua
37%
Country8.57-79.928545.18777.3Panama
37%
Capital8.99-79.5284828722.8Panama City
37%
Capital9.93-84.098727.19189.5San José
37%
Capital-33.46-70.655784.56427.7Santiago
37%
Country2650.554895.35027.3Bahrain
36%
Capital26.2150.5848875020.8Manama
36%
Capital-18.9247.534928.24991.6Antananarivo
34%
Capital25.2751.525019.15155.3Doha
34%
Country-19.4446.924848.14911.4Madagascar
34%
Country25.2251.4350145148.8Qatar
34%
Capital33.7273.045872.46612.2Islamabad
29%
Capital34.5269.175610.56214.2Kabul
29%
Capital28.6377.226555.67399.5New Delhi
29%
Country29.9269.556048.76601.8Pakistan
29%
Country-20.2957.5558275978.3Mauritius
28%
Capital-20.1757.495828.85978Port Louis
28%
Country27.3990.586970.58716.3Bhutan
27%
Country22.9379.817237.98067India
27%
Capital27.785.326896.48214Kathmandu
27%
Country28.2984.176809.98058.1Nepal
27%
Country-4.5955.666167.16175.3Seychelles
27%
Capital27.4689.646962.48625.2Thimphu
27%
Capital-4.6255.456142.86151Victoria
27%
Country13.16-59.546352.86437.3Barbados
25%
Capital13.1-59.626363.96448.2Bridgetown
25%
Country36.95138.855910.410793.6Japan
23%
Capital35.68139.696050.811071.6Tokyo
23%
Country17.05-61.86392.26548.4Antigua and Barbuda
21%
Capital17.29-62.736464.76635.9Basseterre
21%
Country15.41-61.346431.16558.6Dominica
21%
Capital10.66-61.5266516718.2Port-of-Spain
21%
Capital15.3-61.396441.96568.3Roseau
21%
Capital17.11-61.856392.96550.6Saint John's
21%
Country17.33-62.756464.86636.8Saint Kitts and Nevis
21%
Country10.41-61.296635.96699Trinidad and Tobago
21%
Capital13.99-61.016465.16570.4Castries
20%
Country12.11-61.6766116696.7Grenada
20%
Country13.88-60.976466.26569.7Saint Lucia
20%
Country-25.85134.61714212501.5Australia
19%
Capital-35.29149.126095.911563.7Canberra
19%
Country18.95-70.337007.27349.7Dominican Republic
19%
Country18.97-72.57169.37571.1Haiti
19%
Country-41.82172.895370.910714.6New Zealand
19%
Capital18.53-72.347192.37577.3Port-au-Prince
19%
Capital12.05-61.756621.76707.2Saint George's
19%
Country13.25-61.26516.96613.9Saint Vincent and the Grenadines
19%
Capital18.5-69.997014.57337.6Santo Domingo
19%
Capital-41.29174.775429.510844Wellington
19%
Capital13.75100.58480.810758.3Bangkok
18%
Country23.8190.427367.29018.6Bangladesh
18%
Capital23.7190.47378.79026Dhaka
18%
Capital21.02105.847676.110720.1Hanoi
18%
Capital13.15-61.236523.36619.3Kingstown
18%
Country18.45103.877960.610760.3Laos
18%
Country21.1696.677660.29835.6Myanmar
18%
Capital19.7496.127817.89897.5Naypyidaw
18%
Country15.07101.148334.210739.6Thailand
18%
Capital17.96102.68014.610674.9Vientiane
18%
Country16.68106.48156.111154.5Vietnam
18%
Country24.25-766926.67606.9Bahamas
17%
Country12.69105.038598.111295.6Cambodia
17%
Country18.18-77.157552.68090Jamaica
17%
Capital17.99-76.87547.38063.7Kingston
17%
Country3.25738092.88111.2Maldives
17%
Capital4.1773.58126.38157.8Malé
17%
Capital25.05-77.356915.67679.9Nassau
17%
Capital11.56104.918723.211349.1Phnom Penh
17%
Capital25.04121.537230.611635.8Taipei
17%
Country23.64121738611776.4Taiwan
17%
Country21.69-78.87313.98049.1Cuba
16%
Capital23.13-82.397314.68302.7Havana
16%
Capital6.9379.8486508811.1Sri Jayawardenepura Kotte
14%
Country7.5780.888697.98909.4Sri Lanka
14%
Country-1.47-78.198693.78700.3Ecuador
13%
Country-1.66116.279818.812935.4Indonesia
13%
Capital-6.22106.849314.711793.8Jakarta
13%
Capital3.14101.689654.611296.2Kuala Lumpur
13%
Country2.16112.129762.512468.1Malaysia
13%
Capital14.6120.988386.712774.2Manila
13%
Capital-21.14-175.2112340.415298.2Nukuʻalofa
13%
Country11.07122.988777.313267.2Philippines
13%
Capital-17.74168.328040.415880.7Port Vila
13%
Capital-0.23-78.538741.18741.2Quito
13%
Country-20-1757789.515546.2Tonga
13%
Country-1616711771.616191.8Vanuatu
13%
Capital4.94114.949455.612722.1Bandar Seri Begawan
12%
Country4.47114.85950712725.1Brunei
12%
Capital-8.56125.579055.513708.4Dili
12%
Country-8.84125.919025.113727.3East Timor
12%
Country6.91158.259237.117168.6Federated States of Micronesia
12%
Capital-9.44159.958958.716973.5Honiara
12%
Capital7.08171.389217.918175.7Majuro
12%
Country91689006.717619.8Marshall Islands
12%
Country-0.54166.919942.918576.1Nauru
12%
Capital7.5134.629172.514731.1Ngerulmud
12%
Country7.5134.59172.614718.1Palau
12%
Capital6.92158.169236.217159.3Palikir
12%
Capital-9.45147.178957.715834.8Port Moresby
12%
Country-815910886.617099.1Solomon Islands
12%
Capital-0.56166.92994118576.7Yaren
12%
Country1.4117310158.619192.7Kiribati
11%
Country1.36103.81015311550.3Singapore
11%
Capital1.28103.8510144.511556.4Singapore (cap)
11%
Capital1.32172.9710148.719197.9South Tarawa
11%
Capital-13.84-171.7711531.816814.9Apia
10%
Country-1817511992.915985.1Fiji
10%
Capital-8.53179.1910944.518116.6Funafuti
10%
Country-6.63144.8210734.315860.8Papua New Guinea
10%
Country-13.59-172.3411504.216885.1Samoa
10%
Country-817810941.918111.4Tuvalu
10%
Capital-18.15178.4412008.615987Suva
9%

Score Distribution

Percentile by Number Answered

Percent of People with Each Score

Your Score History

You have not taken this quiz